|
|
|
|
| LEADER |
02007nam a2200529 a 4500 |
| 001 |
nkc20122412887 |
| 003 |
CZ PrNK |
| 005 |
20130215072858.0 |
| 007 |
ta |
| 008 |
121025s2012 xr acfhe 000 0dcze |
| 015 |
|
|
|a cnb002412887
|
| 020 |
|
|
|a 978-80-87330-08-1
|q (váz.)
|
| 035 |
|
|
|a (OCoLC)827260418
|
| 040 |
|
|
|a BOA001
|b cze
|d ABA001
|
| 043 |
|
|
|a e-xr---
|b e-xr-vy
|2 czenas
|
| 045 |
|
|
|a x5y1
|
| 072 |
|
7 |
|a 373.2/.3
|x Předškolní a primární výchova a vzdělávání
|2 Konspekt
|9 22
|
| 080 |
|
|
|a 373.3:7
|2 MRF
|
| 080 |
|
|
|a (437.324)
|2 MRF
|
| 080 |
|
|
|a (082.2)
|2 MRF
|
| 080 |
|
|
|a (059)
|2 MRF
|
| 100 |
1 |
|
|a Moc, Milan
|7 jx20121210002
|4 aut
|
| 245 |
1 |
0 |
|a 60 let uměleckého školství v Chotěboři /
|c [text Milan Moc ; slovo úvodem Eliška Pavlíková]
|
| 246 |
3 |
|
|a Šedesát let uměleckého školství v Chotěboři
|
| 260 |
|
|
|a Chotěboř :
|b Město Chotěboř,
|c 2012
|
| 300 |
|
|
|a 294 s., xlviii s. obr. příl. :
|b il. (některé barev.), portréty, faksim. ;
|c 22 cm
|
| 490 |
1 |
|
|a Chotěbořská edice ;
|v sv. 11
|
| 500 |
|
|
|a 600 výt.
|
| 504 |
|
|
|a Obsahuje bibliografii
|
| 648 |
|
7 |
|a 20.-21. století
|7 ch462155
|2 czenas
|
| 648 |
|
4 |
|a 1951-2011
|
| 650 |
0 |
7 |
|a základní umělecké školy
|7 ph127724
|z Česko
|y 20.-21. stol.
|2 czenas
|
| 650 |
0 |
9 |
|a elementary art schools
|z Czechia
|y 20th-21st centuries
|2 eczenas
|
| 655 |
|
7 |
|a jubilejní publikace
|7 fd131839
|2 czenas
|
| 655 |
|
7 |
|a almanachy
|7 fd131789
|2 czenas
|
| 655 |
|
9 |
|a jubilee books
|2 eczenas
|
| 655 |
|
9 |
|a almanacs
|2 eczenas
|
| 610 |
2 |
7 |
|a Základní umělecká škola (Chotěboř, Česko)
|7 kn20130117002
|2 czenas
|
| 651 |
|
7 |
|a Chotěboř (Česko)
|7 ge128944
|2 czenas
|
| 651 |
|
9 |
|a Chotěboř (Czechia)
|2 eczenas
|
| 700 |
1 |
|
|a Pavlíková, Eliška,
|d 1954-
|7 ola2006345446
|4 wfw
|
| 830 |
|
0 |
|a Chotěbořská edice
|0 s
|
| 910 |
2 |
|
|a BOA001
|b 2-1298.012
|
| 990 |
|
|
|a BK
|
| 995 |
|
|
|a 01
|
| 991 |
|
|
|b 201301
|c NOV
|e n
|
| 996 |
6 |
|
|b 2610531509
|c 2-1298.012
|l MZK
|r Sklad / do 1 hodiny
|n 0
|p p.v.
|w 001306857
|u 000010
|a 1
|e BOA001
|j MZK50
|s P
|